00625nam a2200181 i 450000100060000000300090000600500170001500700030003200800410003510000330007624500460010926000600015530000300021550000270024585200320027299900170030495201220032144178ES-MaACL20230906160955.0t|030320s1970 sp ||||1| spa d1 aCid Palacios, Rafael.93876910aAstronomía / cpor Rafael Cid Palacios. aZaragoza : bUniversidad, Facultad de Ciencias, c1970. a161 p. : bil. ; c28 cm. aMaterial en ciclostil. aES-MaACLjC-41021 bR.75504 c44178d44178 00104070aATENEOMbATENEOMcDEPO2d2008-01-17eSCl0oC-41021p1046497r2023-02-23 00:00:00w2023-02-23yMONOGRAFIA